| Tag |
First Indicator |
Second Indicator |
Subfields |
| LEADER |
00000cam a2200000 i 4500 |
| 001 |
in00004807113 |
| 008 |
910628e199104 msua bt f000 0 eng d |
| 005 |
20240807182743.3 |
| 035 |
|
|
|a (OCoLC)ocm24005808
|
| 040 |
|
|
|a AFM
|b eng
|e rda
|c AFM
|d OCLCQ
|d TRAAL
|d OCLCO
|d OCLCQ
|d OCLCA
|d OCLCF
|d AERDC
|d LHL
|d OCLCO
|d OCLCQ
|
| 035 |
|
|
|a (OCoLC)24005808
|
| 050 |
|
4 |
|a TA7
|b .W34 no.SL-91-7
|
| 082 |
1 |
4 |
|a 627
|b UN3TR, SL-91-7
|
| 086 |
0 |
|
|a D 103.24/2:SL-91-7
|
| 049 |
|
|
|a MAIN
|
| 100 |
1 |
|
|a Garner, Sharon B,
|e author
|
| 245 |
1 |
0 |
|a Development and implementation of time-dependent cracking material model for concrete /
|c by Sharon B. Garner, Michael I. Hammons ; prepared for Department of the Army, US Army Corps of Engineers.
|
| 264 |
|
1 |
|a [Vicksburg, Miss.] :
|b [U.S. Army Engineer Waterways Experiment Station] ;
|c [1991]
|
| 264 |
|
1 |
|a [Springfield, Va.] :
|b [Available from National Technical Information Service],
|c [1991]
|
| 300 |
|
|
|a 1 volume (various pagings) :
|b illustrations ;
|c 28 cm
|
| 336 |
|
|
|a text
|b txt
|2 rdacontent
|
| 337 |
|
|
|a unmediated
|b n
|2 rdamedia
|
| 338 |
|
|
|a volume
|b nc
|2 rdacarrier
|
| 490 |
1 |
|
|a Technical report ;
|v SL-91-7
|
| 500 |
|
|
|a "April 1991."
|
| 500 |
|
|
|a Cover title.
|
| 504 |
|
|
|a Includes bibliographical references (page 44).
|
| 513 |
|
|
|a Final report.
|
| 583 |
1 |
|
|a will digitize
|c 20140723
|z Queued for digitization July 23, 2014
|2 pda
|5 miu
|
| 590 |
|
|
|b TAG Physical Holdings 2
|
| 650 |
|
0 |
|a Concrete
|x Cracking
|x Data processing.
|
| 650 |
|
0 |
|a Thermal stresses.
|0 http://id.loc.gov/authorities/subjects/sh85134764
|
| 650 |
|
0 |
|a Elasticity
|x Computer programs.
|
| 650 |
|
0 |
|a Strength of materials.
|0 http://id.loc.gov/authorities/subjects/sh85128671
|
| 650 |
|
6 |
|a Béton
|x Fissuration
|x Informatique.
|
| 650 |
|
6 |
|a Contraintes thermiques.
|
| 650 |
|
6 |
|a Élasticité
|x Logiciels.
|
| 650 |
|
6 |
|a Résistance des matériaux.
|
| 650 |
|
7 |
|a thermal stress.
|2 aat
|
| 650 |
|
7 |
|a strength of materials.
|2 aat
|
| 650 |
|
7 |
|a Elasticity
|x Computer programs.
|2 fast
|0 (OCoLC)fst00904212
|
| 650 |
|
7 |
|a Strength of materials.
|2 fast
|0 (OCoLC)fst01134837
|
| 650 |
|
7 |
|a Thermal stresses.
|2 fast
|0 (OCoLC)fst01149790
|
| 700 |
1 |
|
|a Hammons, Michael I.
|
| 710 |
1 |
|
|a United States.
|b Army.
|b Corps of Engineers.
|
| 710 |
2 |
|
|a U.S. Army Engineer Waterways Experiment Station.
|0 http://id.loc.gov/authorities/names/n80157038
|
| 730 |
0 |
|
|a Technical Report Archive & Image Library (TRAIL)
|
| 776 |
0 |
8 |
|i Online version:
|a Garner, Sharon B.
|t Development and implementation of time-dependent cracking material model for concrete.
|d [Vicksburg, Miss. : U.S. Army Engineer Waterways Experiment Station] ; [Springfield, Va.] : [Available from National Technical Information Service], [1991]
|w (OCoLC)909064720
|
| 830 |
|
0 |
|a Technical report (U.S. Army Engineer Waterways Experiment Station) ;
|v SL-91-7.
|0 http://id.loc.gov/authorities/names/n84716505
|
| 994 |
|
|
|a 92
|b TAG
|
| 852 |
|
|
|a TAG
|b TAGC
|c galv,stk
|h TA7 .W34 TR SL-91-7
|t c.1
|
| 876 |
|
|
|p 33620000957015
|x ACC# 2001-844
|v unmediated -- volume
|
| 999 |
f |
f |
|s fd8b41a0-46ab-42c3-9cbb-d79f84f07b68
|i 274bddc8-abf5-4372-aa5f-a8852a8137c9
|t 0
|
| 952 |
f |
f |
|p normal
|a Texas A&M University
|b Galveston Campus
|c Jack K. Williams Library
|d Galveston Stacks
|t 0
|e TA7 .W34 TR SL-91-7
|h Library of Congress classification
|i unmediated -- volume
|m 33620000957015
|
| 998 |
f |
f |
|a TA7 .W34 TR SL-91-7
|t 0
|l Galveston Stacks
|